[Event "Kiev Shystarev Memorial 1st"]
[Site "Kiev"]
[Date "2020.08.29"]
[Round "7"]
[White "Gienko, Yaroslav"]
[Black "Semeshko, Mykola"]
[Result "1/2-1/2"]
[WhiteElo "1577"]
[BlackElo "1612"]
[PlyCount "92"]
[EventDate "2020.08.25"]
[EventType "swiss"]
[EventRounds "9"]
[EventCountry "UKR"]
[SourceTitle "EXT 2022"]
[Source "ChessBase"]
[SourceDate "2021.10.06"]
[SourceVersion "1"]
[SourceVersionDate "2021.10.06"]
[SourceQuality "1"]

1. d4 g6 2. Nf3 Bg7 3. e3 d6 4. Nbd2 Nf6 5. b3 0-0 6. Bb2 Nbd7 7. Be2 c5 8. c3 b6 9. 0-0 Bb7 10. c4 d5 11. cxd5 Nxd5 12. Nc4 cxd4 13. exd4 Nf4 14. Nce5 Nxe5 15. dxe5 Nxe2+ 16. Qxe2 Qc8 17. Rac1 Qg4 18. Rc7 Bxf3 19. Qxf3 Qxf3 20. gxf3 e6 21. Rd1 Rfc8 22. Rdd7 Rxc7 23. Rxc7 Bf8 24. Kg2 Bc5 25. Bc1 a5 26. Bg5 Kf8 27. Kf1 Re8 28. Rc6 Ra8 29. a4 Ke8 30. Rc7 Rb8 31. Ke2 Bb4 32. Be3 Be7 33. Kd3 Bd8 34. Rc3 b5 35. axb5 Rxb5 36. f4 Rb4 37. Kc2 a4 38. bxa4 Rxa4 39. Rb3 h5 40. Kd3 Kd7 41. Ke2 Rc4 42. Rb7+ Ke8 43. Rb8 Kd7 44. Kf3 Ra4 45. Ke2 Rc4 46. Kd3 Ra4 1/2-1/2

[Event "Kiev Shystarev Memorial 1st"]
[Site "Kiev"]
[Date "2020.08.29"]
[Round "6"]
[White "Kazakov, Maksym"]
[Black "Gienko, Yaroslav"]
[Result "1-0"]
[WhiteElo "2075"]
[BlackElo "1577"]
[PlyCount "65"]
[EventDate "2020.08.25"]
[EventType "swiss"]
[EventRounds "9"]
[EventCountry "UKR"]
[SourceTitle "EXT 2022"]
[Source "ChessBase"]
[SourceDate "2021.10.06"]
[SourceVersion "1"]
[SourceVersionDate "2021.10.06"]
[SourceQuality "1"]

1. b3 e5 2. Bb2 Nc6 3. e3 d5 4. Bb5 Bd6 5. f4 Qe7 6. Nf3 f6 7. fxe5 fxe5 8. Nxe5 Bd7 9. Qh5+ g6 10. Nxg6 Qf7 11. Rf1 Qxg6 12. Qxg6+ hxg6 13. Bxh8 Bxh2 14. Nc3 0-0-0 15. 0-0-0 Bg4 16. Be2 Bf5 17. g4 Be6 18. Rh1 Bd6 19. Nb5 Bc5 20. Rh7 Nge7 21. Bf6 a6 22. d4 axb5 23. dxc5 Re8 24. Bxb5 Bxg4 25. Rxe7 Rxe7 26. Bxe7 Nxe7 27. Rg1 Be6 28. Bd3 Bf7 29. a4 Nf5 30. Bxf5+ gxf5 31. Rg7 Be8 32. Rg8 Kd8 33. Rf8 1-0

[Event "Kiev Shystarev Memorial 1st"]
[Site "Kiev"]
[Date "2020.08.26"]
[Round "2"]
[White "Kelbas, Alexandr"]
[Black "Gienko, Yaroslav"]
[Result "1-0"]
[WhiteElo "2079"]
[BlackElo "1577"]
[PlyCount "79"]
[EventDate "2020.08.25"]
[EventType "swiss"]
[EventRounds "9"]
[EventCountry "UKR"]
[SourceTitle "EXT 2022"]
[Source "ChessBase"]
[SourceDate "2021.10.06"]
[SourceVersion "1"]
[SourceVersionDate "2021.10.06"]
[SourceQuality "1"]

1. c4 e5 2. Nc3 Nf6 3. g3 Nc6 4. Bg2 d6 5. d3 g6 6. e3 Bg7 7. Nge2 Bf5 8. Nd5 0-0 9. 0-0 Re8 10. Nec3 Nxd5 11. cxd5 Ne7 12. e4 Bd7 13. Be3 c6 14. Qb3 cxd5 15. Nxd5 Nxd5 16. Qxd5 Bc6 17. Qb3 a6 18. f4 Qd7 19. f5 Ba4 20. Qd5 Qc6 21. Qxc6 Bxc6 22. f6 Bf8 23. g4 Bb5 24. Rfd1 Rac8 25. Rd2 h6 26. h4 Kh7 27. g5 h5 28. Bh3 Ra8 29. Rc1 a5 30. Rc7 Kg8 31. Rxb7 Reb8 32. Rc7 Ba6 33. Kf2 Bc8 34. Bxc8 Rxc8 35. Rdc2 Rxc7 36. Rxc7 Rb8 37. Bc1 Rb5 38. b3 d5 39. Rc8 Rc5 40. Rxf8+ 1-0